000 00906nam a22002897a 4500
001 BR7807916
003 BR-BrBNA
005 20230928085840.0
007 ta
008 230509b bl.||||| |||| 00| 0 por d
040 _aBR-BrBNA
_bpor
_cBiblioteca Nacional de Agricultura
041 _a(Eng)
072 _aF30
_b1540
090 _ 1540 BR7807916
100 1 _aNassar, N.M.A.
245 1 _aGenetic resources of cassava: 4 - Chromosome behaviour in some wild Manihot species [mandioca, cromossoma, comportamento de variedade]
260 3 _a[np](Brasil):
_c1978.
300 _a3 p.
500 _a15 ref.; Summary (Eng); Reprinted from Indian Journal of Genetics e Plant Breeding v. 38(1), March 1978
650 _aMANDIOCA
650 _aVARIEDADE
650 _aCROMOSSOMA
650 _aMEIOSE
650 _aCOMPORTAMENTO DE VARIEDADE
909 _a202309
_bLucia
_c55
_dLucia Elande
942 _cBK
999 _c26679
_d26679